Administración moderna (Registro nro. 3676)
[ vista simple ]
| 000 -CABECERA | |
|---|---|
| Longitud fija campo de control | 00660nam a2200217b 4500 |
| 001 - NÚMERO DE CONTROL | |
| Número de control | 00000000018209 |
| 003 - IDENTIFICADOR DELl NÚMERO DE CONTROL | |
| Identificador del número de control | OSt |
| 005 - FECHA Y HORA DE LA ÚLTIMA TRANSACCIÓN | |
| Fecha y hora de la última transacción | 20150810180010.0 |
| 008 - CÓDIGOS DE INFORMACIÓN DE LONGITUD FIJA | |
| Códigos de información de longitud fija | 020226s1997 mex spa |
| 020 ## - NÚMERO INTERNACIONAL NORMALIZADO PARA LIBROS | |
| Número Internacional Normalizado para Libros (ISBN) | 968-18-4214-6 |
| 040 ## - FUENTE DE LA CATALOGACIÓN | |
| Centro transcriptor | BMC |
| 082 ## - NÚMERO DE LA CLASIFICACIÓN DECIMAL DEWEY | |
| Númeroo de clasificación | 658.04 |
| 100 1# - PUNTO DE ACCESO PRINCIPAL-NOMBRE DE PERSONA | |
| 9 (RLIN) | 8449 |
| Nombre de persona | Reyes Ponce, Agustín |
| 245 10 - MENCIÓN DE TÍTULO | |
| Título | Administración moderna |
| Mención de responsabilidad, etc. | Agustín Reyes Ponce |
| 250 ## - MENCIÓN DE EDICIÓN | |
| Mención de edición | [1ª] ed., 6ª reimp |
| 260 ## - PUBLICACIÓN, DISTRIBUCIÓN, ETC. (PIE DE IMPRENTA) | |
| Lugar de publicación, distribución, etc. | México, D.F. |
| Nombre del editor, distribuidor, etc. | Limusa : Noriega Editores |
| Fecha de publicación, distribución, etc. | cop. 1997 |
| 300 ## - DESCRIPCIÓN FÍSICA | |
| Extensión | X, 480 p. |
| Dimensiones | 23 cm |
| 500 ## - NOTA GENERAL | |
| Nota general | Inventario nº 1023832 : Ejemp. es fotocopia y enc. en pasta dura |
| 650 24 - PUNTO DE ACCESO ADICIONAL DE MATERIA - TÉRMINO DE MATERIA | |
| 9 (RLIN) | 3341 |
| Término de materia o nombre geográfico como elemento inicial | Gestión de empresas |
| 942 ## - ENTRADA DE ELEMENTOS AGREGADOS (KOHA) | |
| Fuente de clasificaión o esquema | Dewey Decimal Classification |
| Koha [por defecto] tipo de item | 1- Monografias |
| Parte de clasificación | ahoj |
| Suprimido | Perdido | Fuente de clasificación o esquema | Estropeado | Restricciones de uso | No para préstamo | Código de colección | Localización permanente | Localización actual | Localización en estanter&íacute;as | Fecha adquisición | Fuente de adquisición | Número de inventario | Préstamos totales | Signatura completa | Código de barras | Fecha última consulta | Coste, precio reemplazado | Fecha del precio de reemplazo | Tipo de item de Koha | Fecha último préstamo |
|---|---|---|---|---|---|---|---|---|---|---|---|---|---|---|---|---|---|---|---|---|
| NULL | NULL | Dewey Decimal Classification | NULL | Prestable | NULL | NULL | Biblioteca Miguel de Cervantes - UNICAES | Biblioteca Miguel de Cervantes - UNICAES | Sala Principal | 24/01/2001 | Donación - Facultad de Ciencias Empresariales | 006073 | 658.04 REY adm | 1006073 | 01/11/2013 | 10.71 | 01/11/2013 | 1- Monografias | ||
| NULL | NULL | Dewey Decimal Classification | NULL | Prestable | NULL | NULL | Biblioteca Miguel de Cervantes - UNICAES | Biblioteca Miguel de Cervantes - UNICAES | Sala Principal | 04/01/2007 | Compra | 023372 | 2 | 658.04 REY adm | 1023832 | 16/03/2016 | 10.71 | 22/10/2014 | 1- Monografias | 16/03/2016 |